Furthest Capitals From London - Statistics

General Stats
  • This quiz has been taken 31 times
  • The average score is 6 of 10
Answer Stats
Km Answer % Correct
18812 Wellington
100%
16975 Canberra
97%
16217 Suva
70%
14468 Port Moresby
57%
15378 Apia
50%
15008 Honiara
47%
16108 Port Vila
43%
15233 Funafuti
37%
16625 Nukualofa
37%
14207 Yaren
23%
No matching quizzes found
Score Distribution
Percent of People with Each Score
Percentile by Number Answered
Your Score History
You have not taken this quiz